Normal view
MARC view
- TALAL,ALI,USAMA,NOOR UL AIN
Entry Personal Name
001 - CONTROL NUMBER
- control field: 71912
003 - CONTROL NUMBER IDENTIFIER
- control field: NUST
005 - DATE AND TIME OF LATEST TRANSACTION
- control field: 20210628204717.0
008 - FIXED-LENGTH DATA ELEMENTS
- fixed length control field: 210628|| aca||aabn | a|a d
040 ## - CATALOGING SOURCE
- Original cataloging agency: NUST
- Transcribing agency: NUST
100 ## - HEADING--PERSONAL NAME
- Personal name: TALAL,ALI,USAMA,NOOR UL AIN
670 ## - SOURCE DATA FOUND
- Source citation: Work cat.: (NUST): TALAL,ALI,USAMA,NOOR UL AIN, PR-SOF-1387-SMART TRAFFIC PREDICTION AND MONITORING, 2014
